[Event "POL-ChT3"]
[Site "Lazy POL"]
[Date "2012.09.07"]
[Round "7"]
[White "Tabaczka, Jerzy"]
[Black "Szylko, Waldemar"]
[Result "0-1"]
[WhiteElo "1855"]
[BlackElo "2023"]
[EventDate "2012.09.01"]
[PlyCount "90"]

1.c4 c6 2.g3 f5 3.Bg2 Nf6 4.Nc3 d6 5.e3 e5 6.Nge2 Be7 7.O-O O-O 8.b3 Qe8 
9.f3 Qh5 10.d4 Nbd7 11.Ba3 e4 12.Nf4 Qh6 13.Qe2 exf3 14.Bxf3 Rb8 15.Rae1 
Re8 16.b4 Nf8 17.Qg2 g5 18.Nd3 Bd7 19.b5 Rbc8 20.e4 fxe4 21.Bxe4 Bh3 22.
Qf3 Bxf1 23.Rxf1 Nxe4 24.Nxe4 Qg6 25.bxc6 bxc6 26.c5 g4 27.Qg2 d5 28.Nef2 
Bf6 29.Bb2 Bg7 30.Nf4 Qf5 31.N2d3 Qe4 32.Qxe4 Rxe4 33.Nf2 Bxd4 34.Bxd4 
Rxd4 35.Nxg4 Rd2 36.Rb1 Kh8 37.Ne5 Re8 38.Nxc6 Nd7 39.Nb4 Nxc5 40.Nbxd5 
Nd3 41.Nh5 Rxa2 42.Nhf6 Re1+ 43.Rxe1 Nxe1 44.h4 Nf3+ 45.Kf1 a5 0-1

[Event "POL-ChT3"]
[Site "Lazy POL"]
[Date "2012.09.07"]
[Round "7"]
[White "Kielek, Andrzej"]
[Black "Marchel, Agnieszka"]
[Result "1-0"]
[WhiteElo "1972"]
[BlackElo "1995"]
[EventDate "2012.09.01"]
[PlyCount "91"]

1.e4 e5 2.Nf3 Nc6 3.Bb5 Bc5 4.c3 Qe7 5.O-O a6 6.Ba4 b5 7.Bb3 Nf6 8.d3 h6 
9.Qe2 Na5 10.Bxf7+ Kxf7 11.b4 Ba7 12.bxa5 d6 13.Be3 Rf8 14.a4 Bxe3 15.fxe3
g5 16.Nbd2 c5 17.Kh1 Kg7 18.d4 c4 19.axb5 axb5 20.Rfb1 Bd7 21.a6 Ra7 22.
Ra2 Bc6 23.d5 Be8 24.Kg1 Qc7 25.h3 Qc5 26.Kh2 Qc8 27.Rba1 Rff7 28.Ne1 g4 
29.Nc2 Bd7 30.Nb4 gxh3 31.gxh3 Bxh3 32.Rg1+ Kh7 33.Nf3 Nxe4 34.Nc6 Ra8 35.
a7 Qf5 36.Nh4 Qd7 37.Qh5 Bf5 38.Rg6 Bxg6 39.Qxg6+ Kh8 40.Qxe4 Rg8 41.Rg2 
Rg5 42.Ng6+ Kg7 43.Nge7 Qe8 44.Nf5+ Kh8 45.Rxg5 hxg5 46.Nxd6 1-0

[Event "POL-ChT3"]
[Site "Lazy POL"]
[Date "2012.09.07"]
[Round "7"]
[White "Lewandowska, Anika"]
[Black "Dziopa, Malgorzata"]
[Result "1-0"]
[WhiteElo "1937"]
[BlackElo "1792"]
[EventDate "2012.09.01"]

1.d4 d5 2.e3 Nf6 3.Bd3 c5 4.c3 c4 5.Bc2 Nc6 6.f4 Bg4 7.Ne2 e6 8.Nd2 Bd6 9.
O-O Qc7 10.h3 Bxe2 11.Qxe2 O-O 12.Nf3 h6 13.Ne5 b5 14.Qf3 a5 15.g4 Be7 16.
Bd2 b4 17.Rae1 a4 18.Bc1 a3 19.Bb1 b3 20.bxa3 bxa2 21.Bxa2 Bxa3 22.Bxc4 
Nxe5 23.fxe5 Ne4 24.Bd3 Ng5 25.Qg2 Qxc3 26.Bxa3 Rxa3 27.Bb1 Rb8 28.h4 Rb2 
29.Qg3 Ne4 30.Bxe4 dxe4 31.Qf4 f6 32.exf6 Qd2 33.f7+ Kf8 34.Qd6# 1-0

[Event "POL-ChT3"]
[Site "Lazy POL"]
[Date "2012.09.07"]
[Round "7"]
[White "Joachimiak, Roman"]
[Black "Plonczak, Dominik"]
[Result "0-1"]
[WhiteElo "2055"]
[BlackElo "2169"]
[EventDate "2012.09.01"]

1.d4 Nf6 2.Nf3 e6 3.Bf4 b6 4.c3 Bb7 5.Nbd2 Be7 6.Qc2 c5 7.e3 Nh5 8.Bg3 
cxd4 9.Nxd4 Nc6 10.Ne4 Nxg3 11.hxg3 Nxd4 12.exd4 Rc8 13.Be2 f5 14.Nd2 Bxg2
15.Bh5+ Kf8 16.Rh2 Bd5 17.g4 Bd6 18.Rh3 Qg5 19.O-O-O g6 20.Rg1 Bf4 21.Qd1 
Bxd2+ 22.Qxd2 Qxd2+ 23.Kxd2 gxh5 24.gxf5 Rg8 25.Re1 Rg5 0-1

[Event "POL-ChT3"]
[Site "Lazy POL"]
[Date "2012.09.07"]
[Round "7"]
[White "Bartkowiak, Damian"]
[Black "Markowski, Piotr"]
[Result "1-0"]
[WhiteElo "2134"]
[BlackElo "2174"]
[EventDate "2012.09.01"]
[PlyCount "97"]

1.d4 Nf6 2.c4 e6 3.Nf3 c5 4.d5 b5 5.Bg5 exd5 6.cxd5 d6 7.e4 a6 8.a4 Be7 9.
Bxf6 Bxf6 10.axb5 Bxb2 11.Ra2 Bf6 12.Nbd2 O-O 13.Bd3 a5 14.Qc2 Bg4 15.O-O 
Nd7 16.Rb1 Nb6 17.h3 Bh5 18.g4 Bg6 19.Nc4 Nxc4 20.Qxc4 Qb6 21.Rf1 Rfc8 22.
Ra4 h6 23.Kg2 Rcb8 24.Nd2 Qd8 25.f4 Bh7 26.Nb3 Kh8 27.Rf2 g5 28.f5 Rb7 29.
Raa2 Rba7 30.Nd2 Qb8 31.Qc2 Bd8 32.Nc4 f6 33.Qc3 Kg7 34.Rab2 Bb6 35.Ra2 
Qd8 36.Kf3 Bg8 37.Rh2 Bf7 38.h4 Qc7 39.hxg5 hxg5 40.Ra1 Bg8 41.Rah1 Qb8 
42.Nxb6 Qxb6 43.Rh6 Rf7 44.Rg6+ Kf8 45.Rh8 Ke7 46.Rhxg8 Rxg8 47.Rxg8 c4 
48.Qxc4 Rh7 49.Bf1 1-0

[Event "POL-ChT3"]
[Site "Lazy POL"]
[Date "2012.09.07"]
[Round "7"]
[White "Kozlowski, Tomasz"]
[Black "Przybylski, Bartosz"]
[Result "0-1"]
[WhiteElo "1947"]
[BlackElo "2102"]
[EventDate "2012.09.01"]

1.b3 Nf6 2.Bb2 d5 3.e3 Nc6 4.Bb5 Bd7 5.Nf3 e6 6.O-O Bd6 7.d4 Ne4 8.c4 O-O 
9.c5 Be7 10.Nbd2 f5 11.Bxc6 Bxc6 12.Ne5 Bb5 13.Re1 Bf6 14.b4 Bxe5 15.dxe5 
Qh4 16.Nxe4 fxe4 17.g3 Qh3 18.Qd2 Rf3 19.a4 Bd3 20.Ra3 Raf8 21.Rxd3 Rxf2 
22.Qxf2 Rxf2 23.Kxf2 Qxh2+ 24.Kf1 exd3 25.Bc3 Qc2 0-1

[Event "POL-ChT3"]
[Site "Lazy POL"]
[Date "2012.09.07"]
[Round "7"]
[White "Duszczak, Dariusz"]
[Black "Wojtkowski, Pawel"]
[Result "1-0"]
[WhiteElo "2011"]
[BlackElo "1963"]
[EventDate "2012.09.01"]

1.e4 c5 2.Nf3 d6 3.d4 cxd4 4.Nxd4 Nf6 5.Nc3 a6 6.g3 e5 7.Nde2 Be7 8.Bg2 
O-O 9.O-O Be6 10.h3 Nc6 11.Be3 b5 12.Qd2 Qc7 13.Nd5 Bxd5 14.exd5 Na5 15.b3
Nd7 16.g4 Rac8 17.Rac1 Nb7 18.c3 Nbc5 19.Ng3 g6 20.Bh6 Rfe8 21.Kh2 Bf8 22.
Rg1 Qd8 23.Bxf8 Rxf8 24.Rgf1 f5 25.gxf5 gxf5 26.f4 e4 27.Rg1 Nd3 28.Rc2 
Kh8 29.Bf1 Qh4 30.Bxd3 exd3 31.Qxd3 Qxf4 32.Rf1 Nc5 33.Rxf4 Nxd3 34.Rxf5 
Rfd8 35.Ne4 1-0

[Event "POL-ChT3"]
[Site "Lazy POL"]
[Date "2012.09.07"]
[Round "7"]
[White "Skrzypczak, Michal"]
[Black "Plonczak, Mateusz"]
[Result "1-0"]
[WhiteElo "1990"]
[BlackElo "1965"]
[EventDate "2012.09.01"]
[PlyCount "107"]

1.b4 e5 2.Bb2 d6 3.e4 Nf6 4.Nc3 Nc6 5.b5 Nd4 6.Nge2 c5 7.bxc6 Nxc6 8.h3 
Be7 9.Ng3 Be6 10.Bb5 O-O 11.O-O Nd4 12.Bd3 Rc8 13.Nce2 Nc6 14.a3 Nd7 15.
Kh1 Nc5 16.f4 Nxd3 17.cxd3 f6 18.d4 Qb6 19.Rb1 Ba2 20.d5 Bxb1 21.Qxb1 Nb8 
22.Nf5 Rf7 23.d4 Nd7 24.Neg3 Bf8 25.Qa1 Rc2 26.dxe5 Qxb2 27.Qxb2 Rxb2 28.
e6 Nc5 29.exf7+ Kxf7 30.Nd4 Rd2 31.Nb5 a6 32.Nc7 Rd3 33.Rf3 Rxf3 34.gxf3 
g6 35.Ne2 Bh6 36.Kg2 Ke7 37.Kg3 Kd7 38.Na8 Na4 39.Nd4 Bf8 40.Nc7 Bh6 41.
Nce6 Nb6 42.Nc2 Ke8 43.Ne3 Bf8 44.Kf2 Be7 45.Ke2 Kd7 46.Kd3 Na4 47.Kc4 Nc5
48.Nxc5+ dxc5 49.a4 b6 50.e5 g5 51.e6+ Kd8 52.fxg5 fxg5 53.Nf5 Ke8 54.d6 
1-0

[Event "POL-ChT3"]
[Site "Lazy POL"]
[Date "2012.09.07"]
[Round "7"]
[White "Huchwajda, Katarzyna"]
[Black "Kozlowska, Marzena"]
[Result "0-1"]
[WhiteElo "1867"]
[BlackElo "1913"]
[EventDate "2012.09.01"]

1.e3 d6 2.d4 g6 3.Nf3 Bg7 4.c4 Nd7 5.Nc3 c5 6.Be2 a6 7.O-O Ngf6 8.Qc2 O-O 
9.Rd1 Qc7 10.Rb1 b6 11.d5 Ng4 12.e4 f5 13.Ng5 Ndf6 14.h3 Ne5 15.f4 Nf7 16.
Nxf7 Rxf7 17.Bd3 fxe4 18.Nxe4 Nxe4 19.Bxe4 Bd7 20.Be3 Raf8 21.Rf1 Bh6 22.
Qd2 Qc8 23.Rf3 Qe8 24.Rbf1 Bf5 25.Qd3 Qa4 26.Bxf5 Rxf5 27.Qb3 Qa5 28.a4 
Rb8 29.Qc2 b5 30.Bd2 Qxa4 31.Qxa4 bxa4 32.Bc3 Bg7 33.Ra1 Bxc3 34.bxc3 Rbf8
35.Rxa4 Rxf4 36.Kf2 Rxf3+ 37.gxf3 Ra8 38.Kg3 Kf7 39.Kg4 Kf6 40.Kf4 g5+ 41.
Ke4 a5 42.Ra2 a4 43.f4 a3 44.Kf3 Kf5 45.fxg5 Kxg5 46.Kg3 Kh5 47.h4 Ra4 48.
Kh3 Rxc4 49.Rxa3 Rxh4+ 50.Kg2 Kg5 51.Ra7 Re4 52.Kf3 Re1 53.Ra8 Kf6 54.Ra4 
Ke5 55.Rh4 Kxd5 56.c4+ Kc6 57.Rxh7 d5 58.cxd5+ Kxd5 59.Rh8 Kd4 60.Rd8+ Kc3
61.Kf2 Re6 62.Rc8 c4 63.Rc7 Kd3 64.Rd7+ Kc2 65.Rc7 c3 66.Rb7 Kd2 67.Rd7+ 
Kc1 0-1

[Event "POL-ChT3"]
[Site "Lazy POL"]
[Date "2012.09.07"]
[Round "7"]
[White "Brzezinski, Mateusz"]
[Black "Banasik, Krzysztof"]
[Result "0-1"]
[WhiteElo "2108"]
[BlackElo "2284"]
[EventDate "2012.09.01"]
[PlyCount "102"]

1.d4 d5 2.c4 e6 3.Nc3 Nf6 4.cxd5 exd5 5.Bg5 Be7 6.e3 c6 7.Bd3 Nbd7 8.Qc2 
O-O 9.Nge2 Re8 10.O-O Nf8 11.a3 b6 12.b4 Bb7 13.Rfb1 h6 14.Bh4 Ne6 15.Bf5 
Ng5 16.f3 a5 17.b5 c5 18.Bf2 Ne6 19.Rd1 cxd4 20.exd4 Bd6 21.Qd2 Rc8 22.Bg3
Bxg3 23.hxg3 Qd6 24.Nf4 Rc4 25.Bd3 Rc7 26.Nce2 g5 27.Nxe6 Rxe6 28.g4 Rce7 
29.Kf2 Re3 30.Qxe3 Rxe3 31.Kxe3 Bc8 32.Rac1 Bd7 33.Rc3 h5 34.gxh5 Nxh5 35.
Kf2 Nf4 36.Nxf4 Qxf4 37.Be2 g4 38.g3 Qh6 39.Bf1 gxf3 40.Rxf3 Bg4 41.Bg2 
Qg6 42.Rd2 Bxf3 43.Bxf3 Qf5 44.Kg2 Kg7 45.Kf2 Qd7 46.a4 Qd6 47.Rd3 Qb4 48.
Bd1 Qb1 49.Ke3 Kf6 50.Kd2 Qb4+ 51.Kc1 Qe1 0-1

[Event "POL-ChT3"]
[Site "Lazy POL"]
[Date "2012.09.07"]
[Round "7"]
[White "Tustanowski, Robert"]
[Black "Stoppel, Mariusz"]
[Result "1-0"]
[WhiteElo "2304"]
[BlackElo "2090"]
[EventDate "2012.09.01"]
[PlyCount "55"]

1.e4 c5 2.Nf3 Nc6 3.Bb5 e5 4.Nc3 d6 5.d3 Nf6 6.Bg5 Be7 7.Bxf6 Bxf6 8.Nd2 
O-O 9.Nf1 Nd4 10.Bc4 b5 11.Bd5 b4 12.Bxa8 bxc3 13.bxc3 Bg4 14.f3 Qa5 15.
fxg4 Qxc3+ 16.Kf2 Rxa8 17.Ne3 Ne6 18.Rb1 Bg5 19.Nd5 Qd4+ 20.Kf1 Qa4 21.h4 
Bf4 22.Rh3 h5 23.g5 Qxa2 24.g3 Bd2 25.Rh2 Bb4 26.Rf2 Qa4 27.Qxh5 Qd7 28.g6
1-0

[Event "POL-ChT3"]
[Site "Lazy POL"]
[Date "2012.09.07"]
[Round "7"]
[White "Mazalon, Mariusz"]
[Black "Siekaniec, Jan"]
[Result "1-0"]
[WhiteElo "2000"]
[BlackElo "2159"]
[EventDate "2012.09.01"]
[PlyCount "105"]

1.d4 Nf6 2.c4 g6 3.Nc3 Bg7 4.e4 d6 5.Nf3 O-O 6.h3 c6 7.Bg5 a6 8.Bd3 Qc7 9.
O-O e5 10.d5 h6 11.Be3 c5 12.a3 Nh5 13.Re1 Nd7 14.Bf1 Qd8 15.Nh2 Ndf6 16.
b4 b6 17.Rb1 Nf4 18.Ng4 Nxg4 19.hxg4 g5 20.g3 Ng6 21.f3 Bf6 22.Re2 Kg7 23.
Rbb2 Rh8 24.Rh2 Qe8 25.Bd3 Bd8 26.Bc2 Rh7 27.Ba4 Qh8 28.Bc6 Ra7 29.bxc5 
bxc5 30.Rb8 Bc7 31.Rbb2 Ne7 32.Ba4 Qd8 33.Ne2 Ng8 34.Nc1 Nf6 35.Nd3 Kg6 
36.Qc1 Ng8 37.f4 f6 38.f5+ Kg7 39.Nxc5 dxc5 40.Bxc5 Rb7 41.Be3 Rxb2 42.
Qxb2 Bd7 43.Bd1 Kh8 44.c5 Bb5 45.Qb3 Ba5 46.a4 Be8 47.Rb2 Be1 48.Qb6 Qe7 
49.d6 Qd7 50.Qxa6 Bc3 51.Rb8 Bd4 52.Bxd4 exd4 53.Qc8 1-0

[Event "POL-ChT3"]
[Site "Lazy POL"]
[Date "2012.09.07"]
[Round "7"]
[White "Olszynski, Kazimierz"]
[Black "Wisniewski, Adam"]
[Result "1-0"]
[WhiteElo "2185"]
[BlackElo "1956"]
[EventDate "2012.09.01"]

1.f4 g6 2.e4 Bg7 3.Nf3 c5 4.Be2 d6 5.O-O Nc6 6.d3 e6 7.Qe1 Nge7 8.c3 b5 9.
Qh4 b4 10.c4 a5 11.Nbd2 Qb6 12.Rb1 Bd7 13.Kh1 a4 14.Re1 Qa5 15.Nf1 Qd8 16.
Be3 O-O 17.Ng5 h6 18.Nf3 a3 19.b3 Nd4 20.Nxd4 cxd4 21.Bd2 Rb8 22.Bf3 Nc6 
23.Qh3 e5 24.f5 g5 25.Ng3 Be8 26.Bh5 Na5 27.Qg4 f6 28.h4 Bxh5 29.Nxh5 Kf7 
30.Rbc1 Qe7 31.Rf1 Rh8 32.Kg1 Rhg8 33.Rf3 Bh8 34.Rh3 Ke8 35.Kf2 Kd7 36.
hxg5 hxg5 37.Rch1 Kc6 38.Ng3 Bg7 39.Rh7 Kc5 40.Nh5 Qf7 41.Ke2 Rb7 42.Kd1 
Qf8 43.Kc2 Qa8 44.Qd1 Qa7 45.Nxg7 Rbxg7 46.Rxg7 Rxg7 47.Rh6 Rf7 48.Qh5 Nc6
49.Qg6 Qe7 50.Rh8 Rg7 51.Qh6 Qc7 52.g4 Kb6 53.Kd1 Kb7 54.Qh1 Ka6 55.Rh6 
Qe7 56.Kc2 Qf7 57.Qh5 Kb6 58.Rh8 Kc7 59.Kd1 Kb7 60.Ke2 Kc7 61.Kf2 Kb7 62.
Kf3 Ka7 63.Kg3 Ka6 64.Qh1 Qb7 65.Kg2 Qa7 66.Rh6 Qb6 67.Rh8 Qa7 68.Rh6 Qb6 
69.Rh8 Qa7 70.Rh3 Qb7 71.Rh5 Na5 72.Qe1 Nc6 73.Qc1 Na5 74.Rh6 Rf7 75.Qh1 
Nxc4 76.dxc4 Qxe4+ 77.Kf2 Qd3 78.Qe1 e4 79.Qe2 e3+ 80.Bxe3 dxe3+ 81.Qxe3 
Qxe3+ 82.Kxe3 Kb6 83.Kd4 Kc6 84.Rg6 Rf8 85.Rh6 Rf7 86.Rh8 Re7 87.Rb8 Re2 
88.Rxb4 Rxa2 89.Ra4 Rg2 90.Ra6+ Kb7 91.Rxa3 Rxg4+ 92.Kd5 Rf4 93.Ke6 Rf3 
94.Kxf6 g4 95.Ra2 Rxb3 96.Rg2 g3 97.Kg7 Kc6 98.f6 Kc5 99.f7 Rf3 100.f8=Q 
Rxf8 101.Kxf8 Kxc4 102.Ke7 d5 103.Ke6 d4 104.Ke5 d3 105.Ke4 1-0

[Event "POL-ChT3"]
[Site "Lazy POL"]
[Date "2012.09.07"]
[Round "7"]
[White "Marchlewicz, Damian"]
[Black "Szczesniak, Konrad"]
[Result "1/2-1/2"]
[WhiteElo "1936"]
[BlackElo "2171"]
[EventDate "2012.09.01"]
[PlyCount "125"]

1.d4 Nf6 2.Nf3 g6 3.c4 Bg7 4.Nc3 O-O 5.e4 d6 6.Be2 e5 7.dxe5 dxe5 8.Qxd8 
Rxd8 9.Bg5 c6 10.O-O h6 11.Rad1 Re8 12.Bh4 Na6 13.Ne1 Nc5 14.f3 Ne6 15.Bf2
Nh5 16.Nc2 Nef4 17.Rd2 Bf8 18.Rfd1 Be7 19.Bf1 g5 20.g3 Ng6 21.b4 a5 22.b5 
g4 23.fxg4 Nf6 24.Be2 Bb4 25.Rd8 Be6 26.Rxe8+ Rxe8 27.Be1 Bxc3 28.Bxc3 
Nxe4 29.Bxa5 cxb5 30.cxb5 Bxa2 31.Ne3 Ra8 32.Be1 Be6 33.Bf3 Nc5 34.Nf5 Ra3
35.Be2 Ra2 36.Rd2 Ra1 37.Rd1 Rxd1 38.Bxd1 e4 39.Nxh6+ Kh7 40.Nf5 Ne5 41.
Bf2 Ncd3 42.h3 Kg6 43.Nd4 Bd5 44.Nf5 Be6 45.Nh4+ Kh7 46.Ng2 Bd7 47.b6 Nc4 
48.Bd4 f5 49.gxf5 Bxf5 50.g4 Bd7 51.Ne3 Nd2 52.Nd5 Kg6 53.Be2 Nc1 54.Kf2 
Nxe2 55.Kxe2 Nc4 56.Nc3 Bc6 57.h4 Bd7 58.Nxe4 Bxg4+ 59.Kd3 Bf5 60.Kxc4 
Bxe4 61.Bf2 Bf3 62.Bc5 Kh5 63.Bf2 1/2-1/2

[Event "POL-ChT3"]
[Site "Lazy POL"]
[Date "2012.09.07"]
[Round "7"]
[White "Buksa, Ewelina"]
[Black "Paprocka, Renata"]
[Result "1/2-1/2"]
[WhiteElo "1533"]
[BlackElo "1985"]
[EventDate "2012.09.01"]
[PlyCount "90"]

1.e4 c5 2.Nf3 d6 3.d4 cxd4 4.Nxd4 Nf6 5.Nc3 g6 6.Be2 Bg7 7.O-O O-O 8.Be3 
Nc6 9.h3 d5 10.exd5 Nxd5 11.Nxd5 Qxd5 12.Bf3 Qa5 13.Nb3 Qc7 14.c3 Rd8 15.
Qe2 Bf5 16.Rfd1 Ne5 17.Nd4 Nxf3+ 18.Qxf3 Bd7 19.Qe2 a6 20.a4 e5 21.Nf3 b6 
22.Bd2 Be6 23.Be1 Bc4 24.Qc2 Bd5 25.Qe2 a5 26.Rac1 Qc6 27.Ra1 Bb3 28.Rxd8+
Rxd8 29.Bd2 Re8 30.Be3 Re6 31.Nd2 Bd5 32.f3 Rd6 33.Bf2 Be6 34.Ne4 Rd5 35.
Rd1 Qxa4 36.Rxd5 Bxd5 37.Bxb6 f5 38.Nd2 e4 39.fxe4 fxe4 40.Nf1 Qc6 41.Be3 
a4 42.Bd4 Bxd4+ 43.cxd4 Qc1 44.Qd2 Qc6 45.Ne3 Be6 1/2-1/2

[Event "POL-ChT3"]
[Site "Lazy POL"]
[Date "2012.09.08"]
[Round "8"]
[White "Borkowski, Franciszek"]
[Black "Tazbir, Marcin"]
[Result "0-1"]
[WhiteElo "2318"]
[BlackElo "2554"]
[EventDate "2012.09.01"]

1.e4 c5 2.Nf3 d6 3.d4 cxd4 4.Qxd4 Nc6 5.Bb5 Bd7 6.Bxc6 Bxc6 7.Nc3 Nf6 8.
Bg5 e6 9.O-O-O h6 10.Bh4 g5 11.Bg3 e5 12.Qd3 Qa5 13.Kb1 Be7 14.Nd2 b5 15.
Nf1 b4 16.Nd5 Nxd5 17.exd5 Bd7 18.Ne3 Qb5 19.Qe4 Rf8 20.Nf5 Bxf5 21.Qxf5 
Qd7 22.Qh7 f5 23.f3 O-O-O 24.h4 Rh8 25.Qf7 gxh4 26.Bxh4 Bxh4 27.Qxd7+ Kxd7
28.Rxh4 f4 29.c4 bxc3 30.bxc3 Kc7 31.Kc2 Kb6 32.Kd3 Kc5 33.c4 Rb8 34.Rd2 
Rb4 35.Rc2 Rb1 36.Rg4 Rd1+ 37.Ke2 Rd4 38.Rg7 Rc8 39.Rd7 a5 40.a4 Rxc4 41.
Rxc4+ Kxc4 42.Rxd6 Rc5 43.Rxh6 Kxd5 44.Ra6 Kc4 45.Rb6 Kc3 46.Kf2 Rc4 47.
Rb5 Rxa4 48.Rxe5 Ra2+ 49.Kg1 a4 50.Ra5 a3 51.Ra8 Ra1+ 52.Kh2 Kb3 53.Rb8+ 
Ka2 54.g3 Rb1 55.Ra8 Rb3 56.Kg2 fxg3 57.Kxg3 Kb2 58.Kf4 a2 59.Rxa2+ Kxa2 
60.Ke4 Ka3 61.f4 Kb4 0-1

[Event "POL-ChT3"]
[Site "Lazy POL"]
[Date "2012.09.08"]
[Round "8"]
[White "Mikrut, Dariusz"]
[Black "Zyla, Janusz"]
[Result "1/2-1/2"]
[WhiteElo "2355"]
[BlackElo "2199"]
[EventDate "2012.09.01"]

1.d4 Nf6 2.c4 g6 3.Nc3 Bg7 4.e4 d6 5.f3 O-O 6.Be3 e5 7.Nge2 c6 8.Qd2 Nbd7 
9.O-O-O a6 10.Kb1 b5 11.g4 b4 12.Na4 d5 13.g5 Nh5 14.exd5 cxd5 15.Ng3 exd4
16.Bxd4 Bxd4 17.Qxd4 Qxg5 18.cxd5 Bb7 19.Nxh5 Qxh5 20.f4 Rfe8 21.Rg1 Qf5+ 
22.Bd3 Qxd5 23.Qxd5 Bxd5 24.Bxg6 hxg6 25.Rxd5 Nf6 26.Rd6 Kg7 27.f5 Re2 28.
fxg6 fxg6 29.h4 Rh2 30.Rd4 a5 31.Rc4 Ra7 32.Re1 Rd7 33.Rc5 Ra7 34.Rc4 Rd7 
35.Rc5 Ra7 36.Rc4 Rd7 1/2-1/2

[Event "POL-ChT3"]
[Site "Lazy POL"]
[Date "2012.09.08"]
[Round "8"]
[White "Tworzydlo, Piotr"]
[Black "Brzeski, Maciej"]
[Result "0-1"]
[WhiteElo "2104"]
[BlackElo "2314"]
[EventDate "2012.09.01"]

1.e4 c5 2.Nf3 Nc6 3.Bb5 g6 4.Bxc6 dxc6 5.d3 Bg7 6.h3 e5 7.Be3 Qe7 8.Nbd2 
Nf6 9.Nc4 Nd7 10.Qd2 b6 11.a4 Nf8 12.O-O f6 13.Rfb1 Ne6 14.Nh2 O-O 15.f3 
h5 16.b4 cxb4 17.Rxb4 Bd7 18.Rbb1 b5 19.Na5 a6 20.Qf2 c5 21.Nb7 Rac8 22.
axb5 axb5 23.Ra7 Bc6 24.Bxc5 Nxc5 25.Qxc5 Rc7 26.Nd6 Rxa7 27.Qxc6 Rc7 28.
Qd5+ Kh7 29.Nxb5 Rxc2 30.d4 exd4 31.Nf1 Rd8 32.Qb3 Qc5 33.Kh1 d3 0-1

[Event "POL-ChT3"]
[Site "Lazy POL"]
[Date "2012.09.08"]
[Round "8"]
[White "Barski, Radoslaw"]
[Black "Kolasinski, Krzysztof"]
[Result "1-0"]
[WhiteElo "2241"]
[BlackElo "1978"]
[EventDate "2012.09.01"]

1.e4 c5 2.Nf3 Nc6 3.d4 cxd4 4.Nxd4 Nf6 5.Nc3 e5 6.Ndb5 d6 7.Bg5 a6 8.Na3 
b5 9.Nd5 Be7 10.Bxf6 Bxf6 11.c3 O-O 12.Nc2 Bg5 13.a4 bxa4 14.Rxa4 a5 15.
Bc4 Rb8 16.b3 Kh8 17.Nce3 Bxe3 18.Nxe3 Ne7 19.O-O f5 20.exf5 Nxf5 21.Nxf5 
Bxf5 22.Qd5 Bc2 23.Ra2 Bg6 24.Qxa5 Qc8 25.Rd2 Be4 26.f3 Ra8 27.Qb4 d5 28.
fxe4 dxc4 29.Rxf8+ Qxf8 30.Qxf8+ Rxf8 31.b4 g6 32.Rd5 Rf4 33.Rxe5 Kg7 34.
b5 Kf6 35.Re8 Kf7 36.b6 Rf6 37.b7 1-0

[Event "POL-ChT3"]
[Site "Lazy POL"]
[Date "2012.09.08"]
[Round "8"]
[White "Bienias, Piotr"]
[Black "Slabek, Grzegorz"]
[Result "1-0"]
[WhiteElo "1769"]
[BlackElo "2105"]
[EventDate "2012.09.01"]

1.e4 d5 2.Nc3 dxe4 3.Nxe4 Nd7 4.Nf3 Ngf6 5.Nxf6+ Nxf6 6.d4 Bg4 7.h3 Bh5 8.
Bc4 e6 9.Bg5 Be7 10.c3 c6 11.Qe2 O-O 12.Bxf6 Bxf6 13.g4 Bg6 14.h4 h6 15.
O-O-O b5 16.Bd3 Bxd3 17.Qxd3 g6 18.Kb1 Bg7 19.Qe3 Qd5 20.Rhg1 a5 21.Ne5 c5
22.f4 c4 23.f5 Kh7 24.Qf4 exf5 25.gxf5 Ra6 26.Rde1 b4 27.Qg4 bxc3 28.bxc3 
Re8 29.fxg6+ fxg6 30.h5 g5 31.Qf5+ Kg8 32.Rgf1 Rf6 33.Qd7 Qxd7 34.Nxd7 
Rxf1 35.Rxf1 Re7 36.Nf6+ Kh8 37.Nd5 Rd7 38.Ne3 Rc7 39.Rf5 Re7 40.Rf3 Kg8 
41.Kc2 a4 42.Kd2 Re4 43.Rh3 Rf4 44.Rh2 Bf8 45.Nxc4 Rf3 46.Ne5 Rf1 47.Nc4 
Kf7 48.Re2 Rh1 49.d5 Rxh5 50.Ne5+ Kg7 51.Nd3 Rh4 52.Nf2 g4 53.Ne4 Rh5 54.
c4 Re5 55.Kd3 h5 56.Kd4 Re8 57.c5 h4 58.d6 Bxd6 59.cxd6 g3 60.Nxg3 1-0

[Event "POL-ChT3"]
[Site "Lazy POL"]
[Date "2012.09.08"]
[Round "8"]
[White "Gosciniak, Maria"]
[Black "Barburzynska, Magdalena"]
[Result "1/2-1/2"]
[WhiteElo "2135"]
[BlackElo "1913"]
[EventDate "2012.09.01"]

1.e4 c5 2.Nf3 Nc6 3.d4 cxd4 4.Nxd4 g6 5.Nc3 Bg7 6.Nb3 Nf6 7.Be2 d6 8.O-O 
O-O 9.Bg5 a5 10.a4 Be6 11.Kh1 Qc8 12.f4 Rd8 13.Bf3 Nb4 14.Rf2 Ng4 15.Bxg4 
Bxg4 16.Qe1 f6 17.Bh4 Qc4 18.Nd2 Qc5 19.Nf1 Rac8 20.Ne3 Be6 21.f5 Bf7 22.
Rd1 g5 23.Bg3 Bf8 24.h3 Be8 25.Rfd2 Bh5 26.Rc1 Be8 27.Bf2 Qc6 28.Ned5 Bf7 
29.Nb6 Rb8 30.Nb5 Na6 31.Nd5 Nc5 32.b3 b6 33.Rcd1 Qb7 34.Qe2 Rbc8 35.Nbc3 
Rb8 36.Bd4 Bg7 37.Re1 Kf8 38.Red1 Kg8 39.Bf2 Be8 40.Qc4 Kf8 41.Qe2 Bf7 42.
h4 h6 43.Nb5 Rdc8 44.Bg3 Kg8 45.hxg5 hxg5 46.Rd4 Re8 47.Nbc7 Bxd5 48.Nxd5 
e6 49.fxe6 Nxe6 50.Rc4 Rbd8 51.Qf3 Rf8 52.e5 Qf7 53.exd6 f5 54.Ne7+ Kh7 
55.Bh2 g4 56.Qd3 Nc5 57.Qd2 Qh5 58.Kg1 Ne4 59.Rxe4 fxe4 60.Qe3 Qc5 61.Qxc5
bxc5 62.Nc6 Rd7 63.Be5 g3 1/2-1/2

[Event "POL-ChT3"]
[Site "Lazy POL"]
[Date "2012.09.08"]
[Round "8"]
[White "Jaworski, Miroslaw"]
[Black "Pakleza, Zbigniew"]
[Result "1/2-1/2"]
[WhiteElo "2307"]
[BlackElo "2475"]
[EventDate "2012.09.01"]

1.d4 d6 2.c4 e5 3.Nf3 exd4 4.Nxd4 g6 5.Nc3 Bg7 6.g3 Ne7 7.Bg2 O-O 8.O-O 
Nd7 9.e4 Nc6 10.Nxc6 bxc6 11.Bd2 Rb8 12.b3 Re8 13.Rc1 a6 14.h3 Nc5 15.Be3 
Bxc3 16.Bxc5 Bg7 17.Bd4 Bxd4 18.Qxd4 c5 19.Qc3 Bb7 20.Rfe1 Qg5 21.f4 Qe7 
22.e5 Bxg2 23.Kxg2 Qd7 24.Rcd1 Re6 25.Re3 Rbe8 26.Rde1 d5 27.cxd5 Qxd5+ 
28.Kh2 Rd8 29.g4 Qd4 30.Kg3 f5 31.g5 h5 32.Qxd4 cxd4 33.Rd3 c5 34.Rc1 Rc6 
35.Rc4 a5 36.a3 Rb8 37.Kf2 Kf7 38.Rdxd4 Rxb3 39.Rd5 Rxh3 40.Rdxc5 Rxc5 41.
Rxc5 Rxa3 42.Rc7+ Ke6 43.Rc6+ Kd5 44.Rxg6 Ke4 45.Ra6 Kxf4 46.g6 Ra2+ 47.
Kg1 Kg3 48.Kf1 Kf3 49.Kg1 f4 50.g7 Rg2+ 51.Kf1 Rxg7 52.Rxa5 h4 53.Ra3+ Kg4
54.e6 Rb7 55.Ra8 Rb1+ 56.Kf2 Rb2+ 57.Kf1 Rb7 58.Kf2 h3 59.Rg8+ Kf5 60.Rh8 
Rb2+ 61.Kf1 Rb7 62.Rxh3 Kg4 63.e7 Rxe7 64.Ra3 Rb7 65.Kf2 Rb2+ 66.Kf1 Rc2 
67.Rb3 Ra2 68.Rc3 f3 69.Rc8 1/2-1/2

[Event "POL-ChT3"]
[Site "Lazy POL"]
[Date "2012.09.08"]
[Round "8"]
[White "Jedynak, Radoslaw"]
[Black "Obrusnik, Michal"]
[Result "1/2-1/2"]
[WhiteElo "2492"]
[BlackElo "2239"]
[EventDate "2012.09.01"]

1.d4 Nf6 2.c4 e6 3.Nf3 b6 4.Nc3 Bb7 5.Bg5 d5 6.cxd5 exd5 7.Qa4+ Bc6 8.Qc2 
Be7 9.e3 O-O 10.Bd3 Nbd7 11.O-O-O Bb7 12.Bxf6 Nxf6 13.g4 g6 14.h4 Bc8 15.
g5 Nh5 16.Ne5 Be6 17.Be2 Bd6 18.Bxh5 gxh5 19.Qe2 c5 20.Qxh5 cxd4 21.exd4 
Bxe5 22.dxe5 d4 23.Qf3 Qd7 24.Qd3 Rfd8 25.Ne4 Qc7+ 26.Kb1 Qxe5 27.Nf6+ Kf8
28.Rhe1 Qa5 29.Qa3+ Qxa3 30.bxa3 Rac8 31.Rd2 Kg7 32.Nh5+ Kf8 33.Nf6 Kg7 
34.Nh5+ Kf8 35.Ng3 Rc3 36.Kb2 Rf3 37.Re5 Rc8 38.Ne4 Rcc3 39.Rxd4 Rxa3 40.
Rxe6 fxe6 41.Rd8+ Kf7 42.Rd7+ Kg6 43.h5+ Kxh5 44.Rxh7+ Kg6 45.Rh6+ Kf7 46.
Rh7+ Kg8 47.Rb7 Ra5 48.Nf6+ Kf8 49.Nh7+ Kg8 50.Nf6+ Kf8 51.Nh7+ Kg8 52.
Nf6+ Kf8 1/2-1/2

[Event "POL-ChT3"]
[Site "Lazy POL"]
[Date "2012.09.08"]
[Round "8"]
[White "Helis, Tadeusz"]
[Black "Czakon, Jakub"]
[Result "0-1"]
[WhiteElo "2235"]
[BlackElo "2486"]
[EventDate "2012.09.01"]

1.Nf3 Nf6 2.c4 e6 3.g3 d5 4.Bg2 dxc4 5.O-O c6 6.Qc2 b5 7.b3 cxb3 8.axb3 
Bb7 9.Ne5 Qc7 10.d4 Bd6 11.Nd3 Nfd7 12.Ba3 Bxa3 13.Nxa3 a6 14.Rfc1 O-O 15.
Nb1 Rc8 16.Nd2 e5 17.dxe5 Nxe5 18.Nc5 Rd8 19.Nde4 Bc8 20.Ng5 Ng6 21.Be4 
Qe5 22.f4 Qf6 23.Bg2 h6 24.Nf3 Qe7 25.e4 Nd7 26.Qf2 Nxc5 27.Rxc5 Bg4 28.
Rxc6 Bxf3 29.Bxf3 Qb4 30.Qe3 Rac8 31.e5 Rxc6 32.Bxc6 Ne7 33.Rxa6 Nf5 34.
Qe4 Qc5+ 35.Kg2 Nd4 36.Bb7 Nxb3 37.Rc6 Qe7 38.Rc8 Nc5 39.Rxd8+ Qxd8 40.Qc6
Nxb7 41.Qxb7 Qd3 42.Kg1 Qb1+ 43.Kg2 b4 44.Qd5 Qc2+ 45.Kh3 Qe2 46.Qd8+ Kh7 
47.Qd5 Kg6 48.Qd6+ Kh5 0-1

[Event "POL-ChT3"]
[Site "Lazy POL"]
[Date "2012.09.08"]
[Round "8"]
[White "Szoen, Dariusz"]
[Black "Polok, Kacper"]
[Result "1-0"]
[WhiteElo "2418"]
[BlackElo "2146"]
[EventDate "2012.09.01"]

1.Nf3 d5 2.d4 e6 3.c4 f5 4.g3 Nf6 5.Bg2 c6 6.O-O Bd6 7.b3 Qe7 8.Bf4 Bxf4 
9.gxf4 Nbd7 10.Ne5 O-O 11.e3 Ne4 12.f3 Nxe5 13.fxe5 Ng5 14.Nc3 b6 15.Rc1 
f4 16.Qd3 Bd7 17.exf4 Rxf4 18.Ne2 Rh4 19.f4 Nf7 20.cxd5 cxd5 21.f5 exf5 
22.Rc7 Rc8 23.Rfc1 Rxc7 24.Rxc7 Rg4 25.Qe3 f4 26.Nxf4 Qg5 27.Rxd7 Rxf4 28.
Qc3 h5 29.e6 Ne5 30.dxe5 Rg4 31.Qc8+ Kh7 32.Qc2+ Kh6 33.Rf7 Re4 34.Rf1 
Rxe5 35.Qc1 Rxe6 36.Qxg5+ Kxg5 37.Bxd5 Re5 38.Bg8 Kg4 39.Rf7 g5 40.Rxa7 
Kh3 41.Bc4 g4 42.Ra6 Re1+ 43.Bf1+ Rxf1+ 44.Kxf1 Kxh2 45.Rxb6 g3 46.Rg6 h4 
47.a4 Kh1 48.a5 h3 49.a6 g2+ 50.Ke2 h2 51.a7 g1=Q 52.a8=Q+ 1-0